Tous les surnoms de Kylian Mbappé - Statistiques

Statistiques générales
  • Ce quiz a été pris 1 357 fois
  • Le résultat moyen est 5 sur 21
Statistiques - réponses
Réponse % Correct
Kyky
87%
Kyk's
70%
Kyky Gonzalez
69%
Le Bap
55%
Le natif de bondy
51%
Noisette
49%
Donatello
42%
Bappon
17%
Bappard
14%
Le jeune prodige
6%
Mboulard
6%
Brigadier Lottin
5%
Maurice Bappon
5%
Mpaypal
5%
Le génie français
4%
Le sprinter
3%
Fromage Agbonlahor
2%
Le "félin"
2%
Le tout droit
2%
Macroniste footballistique
2%
Brigadier l'hautain
1%
Aucun quiz correspondant
Distribution des résultats
% des personnes avec chaque résultat
Percentile par nombre de réponses
Votre historique - résultats
Vous n’avez pas pris ce quiz